000 00746nam a2200241Ia 4500
003 OSt
005 20220923224429.0
006 a|||||r|||| 00| 0
007 ta
008 Pun
024 _a232,664
037 _cTextual
040 _aARTS
_cARTS
_bPun
041 _2Pun
_aPun
082 _aO153,1x, N6
100 _aਹਮਰਾਹੀ, ਆਤਮ
_9156278
245 0 _aਪੰਜਾਬੀ ਬੰਗਲਾ ਬਾਵਨੀ
260 _aਲੁੁਧਿਆਣਾ
_b ਪੰਜਾਬੀ ਸਾਹਿੱਤ ਸੱਭਿਆਚਾਰ ਕੇ੍ਵਦਹ
_c1996
300 _a584ਪੰ
_ccm.
650 _aਪੰਜਾਬੀ ਸਾਹਿਤ
942 _hO153,1x, N6
_cTEXL
_2CC
999 _c371384
_d371384